000 01501nab a2200217 i 4500
001 768714001
003 CO-MdFUSB
005 20240604140254.0
008 240604t1976 ag ||||| |||| 00| 0 spa d
040 _bspa
_cCO-MdFUSB
_dCO-MdFUSB
041 _aspa
100 _aTon, Josef,
_eautor
245 1 _aManifiesto a la sociedad socialista :
_bel hombre nuevo y los mitos marxistas (Conclusión)
_c/ Josef Ton
520 _aEl estado socialista enfrenta un gran problema El fenómeno de la religión está teniendo una profunda influencia en el socialismo y las denominaciones neoprotestantes están creciendo. A pesar de todas las limitaciones impuestas a la libertad y las presiones que enfrentan las nuevas iglesias protestantes. Cualquiera que desee cambiar el mundo debe temer exclusivamente a Cristo, ya que él enseñó que la transformación debe comenzar con los seres humanos. La revolución debe comenzar por nosotros, y eso sólo puede hacerlo quien amó tanto al hombre que fue crucificado. El socialismo necesita el sacrificio de Cristo. ¿Pueden aceptar esta oferta? Esta es una pregunta crucial para la que esperamos una respuesta.
650 7 _aTeología de la liberación
_9449
650 7 _aCristianismo
_922
650 0 _aProtestantismo
_9947
773 0 _069974
_982718
_dBuenos Aires
_oR2610
_tCerteza
_w(CO-MdFUSB)768714001
_gNúmero 64, (octubre - diciembre, 1976) páginas: 230 - 233
_qpágina: 230
942 _cANA
945 _aCatherine Arias Álvarez - Practicante SENA
999 _c70044
_d70044